000 00873cab a2200253 4500
001 WB3231-104
008 090401t1996 xxu||||| |||| 00| 0 eng d
035 _a(Sirsi) u74643
041 _aeng
245 _aThames needs single agency
260 _c1996
350 _a0
490 _aProperty Week
_v56(7) 16 August 1996, 6(1)
520 _aA report by Grimley and the University of Greenwich "Business and property confidence in the Thames Gateway" calls for the creation of a single agency to manage the regeneration of the area, amid claims that investors and developers see little potential for inward investment.
650 _aEAST LONDON
650 _aGREENWICH
650 _aGRIMLEY
650 _aINWARD INVESTMENT
650 _aTHAMES GATEWAY
650 _aUNIVERSITY OF GREENWICH
690 _aURBAN RENEWAL
942 _n0
948 _c04/03/1997
999 _c47038
_d47038